[Event "RC-2014-0-00159"]
[Site "LSS email"]
[Date "2014.10.27"]
[Round "?"]
[White "Reede, Arvo"]
[Black "Tausnev, Bladimir"]
[Result "1/2-1/2"]
[WhiteElo "1820"]
[BlackElo "2010"]
[PlyCount "50"]
[EventDate "2014.08.05"]
[EventType "tourn (corr)"]
[EventRounds "6"]
[EventCountry "GER"]
[SourceTitle "Corr 2022"]
[Source "ChessBase"]
[SourceDate "2021.10.24"]
[SourceVersion "1"]
[SourceVersionDate "2021.10.24"]
[SourceQuality "1"]

1. d4 Nf6 2. c4 e6 3. Nf3 d5 4. Nc3 c6 5. e3 Nbd7 6. Bd3 dxc4 7. Bxc4 b5 8. Bd3 a6 9. a4 Bb7 10. axb5 axb5 11. Rxa8 Qxa8 12. 0-0 b4 13. Na4 c5 14. dxc5 Qa5 15. Nd4 Bxc5 16. Nxc5 Qxc5 17. f3 0-0 18. Qa4 Ra8 19. Qb5 Ba6 20. Qxc5 Nxc5 21. Bxa6 Rxa6 22. Rd1 Nfd7 23. Kf1 e5 24. Nc2 b3 25. Na3 f5 1/2-1/2

[Event "RC-2014-0-00159"]
[Site "LSS email"]
[Date "2014.10.27"]
[Round "?"]
[White "Tausnev, Bladimir"]
[Black "Crapulli, Giuseppe"]
[Result "1-0"]
[WhiteElo "2010"]
[BlackElo "1668"]
[PlyCount "51"]
[EventDate "2014.08.05"]
[EventType "tourn (corr)"]
[EventRounds "6"]
[EventCountry "GER"]
[SourceTitle "Corr 2022"]
[Source "ChessBase"]
[SourceDate "2021.10.24"]
[SourceVersion "1"]
[SourceVersionDate "2021.10.24"]
[SourceQuality "1"]

1. e4 c5 2. Nf3 e6 3. d4 cxd4 4. Nxd4 Nc6 5. Nc3 Qc7 6. Be2 a6 7. Be3 Nf6 8. 0-0 Bb4 9. Na4 Be7 10. Nxc6 bxc6 11. Nb6 Rb8 12. Nxc8 Qxc8 13. Bd4 Qc7 14. e5 Nd5 15. c4 Nf4 16. Qd2 Nxe2+ 17. Qxe2 c5 18. Bc3 0-0 19. Rad1 d6 20. Rd3 Rfd8 21. Rfd1 Qb6 22. Qg4 g6 23. exd6 Rxd6 24. Rxd6 Bxd6 25. Qh4 Qd8 26. Qxd8+ 1-0

[Event "RC-2014-0-00159"]
[Site "LSS email"]
[Date "2014.10.27"]
[Round "?"]
[White "Tausnev, Bladimir"]
[Black "Habes, Jiri"]
[Result "1/2-1/2"]
[WhiteElo "2010"]
[BlackElo "1813"]
[PlyCount "58"]
[EventDate "2014.08.05"]
[EventType "tourn (corr)"]
[EventRounds "6"]
[EventCountry "GER"]
[SourceTitle "Corr 2022"]
[Source "ChessBase"]
[SourceDate "2021.10.24"]
[SourceVersion "1"]
[SourceVersionDate "2021.10.24"]
[SourceQuality "1"]

1. e4 d6 2. d4 Nf6 3. f3 e5 4. d5 c6 5. c4 Nbd7 6. Be3 Be7 7. Nc3 0-0 8. Qc2 Nc5 9. Rd1 Qc7 10. Qd2 Rd8 11. b4 Ncd7 12. Nh3 a5 13. b5 Nc5 14. bxc6 Bxh3 15. Bxc5 dxc5 16. cxb7 Qxb7 17. Rb1 Qd7 18. gxh3 Nh5 19. Kd1 Nf4 20. Rg1 g6 21. Qe1 a4 22. Kc2 a3 23. Rb3 Ra6 24. Rg4 Rda8 25. Qe3 Qc7 26. Nb5 Qd8 27. Rxf4 exf4 28. Qxf4 Bg5 29. Qg3 Bh4 1/2-1/2

[Event "RC-2014-0-00159"]
[Site "LSS email"]
[Date "2014.10.27"]
[Round "?"]
[White "Tausnev, Bladimir"]
[Black "Laffont, Jose Eduardo Alfred"]
[Result "1-0"]
[WhiteElo "2010"]
[BlackElo "1654"]
[PlyCount "61"]
[EventDate "2014.08.05"]
[EventType "tourn (corr)"]
[EventRounds "6"]
[EventCountry "GER"]
[SourceTitle "Corr 2022"]
[Source "ChessBase"]
[SourceDate "2021.10.24"]
[SourceVersion "1"]
[SourceVersionDate "2021.10.24"]
[SourceQuality "1"]

1. e4 c5 2. Nf3 d6 3. d4 cxd4 4. Nxd4 Nf6 5. Nc3 a6 6. Be3 e6 7. Be2 Be7 8. f4 0-0 9. 0-0 Qc7 10. g4 d5 11. exd5 Nxd5 12. Nxd5 exd5 13. c3 Re8 14. Bf3 Nd7 15. Nf5 Nf6 16. Nxe7+ Rxe7 17. Bd4 Ne4 18. f5 Bd7 19. f6 gxf6 20. Bg2 Qd6 21. Qc1 Qe6 22. h3 Ng3 23. Rf2 Ne2+ 24. Rxe2 Qxe2 25. Qh6 Rae8 26. Qxf6 Re5 27. Bxd5 R8e7 28. Rf1 Be8 29. Rf2 Qe1+ 30. Kh2 b6 31. g5 1-0

[Event "CP-2014-P-00063"]
[Site "LSS email"]
[Date "2014.09.30"]
[Round "?"]
[White "Raffaele, Enzo"]
[Black "Tausnev, Bladimir"]
[Result "1/2-1/2"]
[WhiteElo "2220"]
[BlackElo "2010"]
[PlyCount "75"]
[EventDate "2014.10.01"]
[EventType "tourn (corr)"]
[EventRounds "6"]
[EventCountry "GER"]
[SourceTitle "Corr 2022"]
[Source "ChessBase"]
[SourceDate "2021.10.24"]
[SourceVersion "1"]
[SourceVersionDate "2021.10.24"]
[SourceQuality "1"]

1. d4 Nf6 2. c4 e6 3. Nc3 Bb4 4. Qc2 0-0 5. a3 Bxc3+ 6. Qxc3 b6 7. Bg5 Bb7 8. f3 h6 9. Bh4 d5 10. e3 Nbd7 11. cxd5 Nxd5 12. Bxd8 Nxc3 13. Bh4 Nd5 14. Bf2 c5 15. e4 Ne7 16. Ne2 f5 17. exf5 Nxf5 18. dxc5 Nxc5 19. Rd1 Rad8 20. Nc3 Rxd1+ 21. Kxd1 Nb3 22. Bc4 Rd8+ 23. Ke1 Nbd4 24. Bxd4 Nxd4 25. Kf2 Kf7 26. Rd1 Kf6 27. Nb5 Ba6 28. Rxd4 Rxd4 29. Nxd4 Bxc4 30. b3 Bd5 31. b4 a6 32. Ne2 g5 33. Nc3 Bc6 34. Ke3 Ke5 35. g3 h5 36. h3 Kf5 37. g4+ hxg4 38. hxg4+ 1/2-1/2

[Event "WC-2016-P-00016"]
[Site "LSS email"]
[Date "2012.02.12"]
[Round "?"]
[White "Tausnev, Bladimir"]
[Black "Granara Barreto, Sebastian"]
[Result "1/2-1/2"]
[WhiteElo "2054"]
[BlackElo "2122"]
[PlyCount "71"]
[EventDate "2012.02.15"]
[EventType "tourn (corr)"]
[EventRounds "12"]
[EventCountry "GER"]
[SourceTitle "Corr 2022"]
[Source "ChessBase"]
[SourceDate "2021.10.24"]
[SourceVersion "1"]
[SourceVersionDate "2021.10.24"]
[SourceQuality "1"]

1. e4 c5 2. Nf3 d6 3. d4 cxd4 4. Nxd4 Nf6 5. Nc3 g6 6. Be3 Bg7 7. f3 0-0 8. Qd2 Nc6 9. Bc4 Bd7 10. 0-0-0 Rc8 11. Bb3 Ne5 12. Kb1 Re8 13. h4 h5 14. Bh6 Nc4 15. Bxc4 Rxc4 16. Bxg7 Kxg7 17. Rhe1 Qa5 18. Qd3 Rec8 19. Nd5 e5 20. Nb3 Qd8 21. Nxf6 Qxf6 22. Qxd6 Be6 23. Re2 b6 24. Red2 R4c6 25. Qa3 a5 26. Nc1 Qxh4 27. b3 Qg5 28. Nd3 h4 29. Qa4 Rd6 30. Qb5 f6 31. Qa6 Kh6 32. Qb7 a4 33. Qe7 Rcd8 34. g4 axb3 35. axb3 Bxb3 36. cxb3 1/2-1/2

[Event "SB-2012-0-00206"]
[Site "LSS email"]
[Date "2012.01.20"]
[Round "?"]
[White "Tausnev, Bladimir"]
[Black "Edwards, KEDG"]
[Result "0-1"]
[WhiteElo "2058"]
[BlackElo "2061"]
[PlyCount "56"]
[EventDate "2012.01.04"]
[EventType "tourn (corr)"]
[EventRounds "6"]
[EventCountry "GER"]
[SourceTitle "Corr 2022"]
[Source "ChessBase"]
[SourceDate "2021.10.24"]
[SourceVersion "1"]
[SourceVersionDate "2021.10.24"]
[SourceQuality "1"]

1. e4 c5 2. Nf3 d6 3. d4 cxd4 4. Nxd4 Nf6 5. Nc3 a6 6. Bg5 e6 7. Qf3 h6 8. Be3 e5 9. Nb3 b5 10. Bd3 Be7 11. a4 b4 12. Nd5 Nxd5 13. exd5 Nd7 14. Qg4 Nf6 15. Qxg7 Rg8 16. Qxh6 Rxg2 17. Bg5 Bf8 18. Qxf6 Rxg5 19. Qxd8+ Kxd8 20. h4 Rg4 21. Na5 Bh6 22. f3 Rf4 23. Ke2 Bd7 24. Rag1 Kc7 25. b3 Re8 26. Nc6 Kb6 27. h5 Bxc6 28. dxc6 d5 0-1

[Event "CP-2010-Q-00006"]
[Site "LSS email"]
[Date "2012.01.15"]
[Round "?"]
[White "Tausnev, Bladimir"]
[Black "Kireev, Sergey Ivanovich"]
[Result "1/2-1/2"]
[WhiteElo "2054"]
[BlackElo "2412"]
[PlyCount "59"]
[EventDate "2012.01.20"]
[EventType "tourn (corr)"]
[EventRounds "6"]
[EventCountry "GER"]
[SourceTitle "Corr 2022"]
[Source "ChessBase"]
[SourceDate "2021.10.24"]
[SourceVersion "1"]
[SourceVersionDate "2021.10.24"]
[SourceQuality "1"]

1. d4 d5 2. c4 c6 3. Nf3 Nf6 4. Nc3 e6 5. Bg5 h6 6. Bh4 dxc4 7. e4 g5 8. Bg3 b5 9. Be2 Bb7 10. 0-0 Nbd7 11. Ne5 Bg7 12. Nxd7 Nxd7 13. Bd6 a6 14. a4 b4 15. Bxb4 Qb6 16. Ba3 Qxd4 17. Qc2 c5 18. Rad1 Qe5 19. Bxc4 Qc7 20. Bb5 axb5 21. Nxb5 Qc6 22. Rd6 Qxe4 23. Rxe6+ Qxe6 24. Nc7+ Kd8 25. Nxe6+ fxe6 26. Bxc5 Rc8 27. Qg6 Bxb2 28. Qxe6 Rxc5 29. Qb3 Kc7 30. Qxb2 1/2-1/2

[Event "SB-2011-0-00204"]
[Site "LSS email"]
[Date "2012.01.15"]
[Round "?"]
[White "Tausnev, Bladimir"]
[Black "Osipov, Anatoly Vladimirovi"]
[Result "1/2-1/2"]
[WhiteElo "2067"]
[BlackElo "1802"]
[PlyCount "75"]
[EventDate "2011.12.27"]
[EventType "tourn (corr)"]
[EventRounds "6"]
[EventCountry "GER"]
[SourceTitle "Corr 2022"]
[Source "ChessBase"]
[SourceDate "2021.10.24"]
[SourceVersion "1"]
[SourceVersionDate "2021.10.24"]
[SourceQuality "1"]

1. d4 Nf6 2. c4 e6 3. Nc3 Bb4 4. e3 0-0 5. Bd3 c5 6. Nf3 d5 7. 0-0 Nc6 8. a3 Bxc3 9. bxc3 Qc7 10. cxd5 exd5 11. a4 Re8 12. Ba3 c4 13. Bc2 Bg4 14. Qe1 Bxf3 15. gxf3 Na5 16. Kh1 Nb3 17. Ra2 Rac8 18. Rg1 b6 19. f4 Qd7 20. f3 Qh3 21. Qf2 g6 22. Bb1 Rcd8 23. f5 Kh8 24. Re2 a6 25. Qg3 Qxg3 26. hxg3 b5 27. axb5 axb5 28. Kg2 Ra8 29. Bb4 Na5 30. Kf2 Nc6 31. Bc5 Nd7 32. Bd6 Ra6 33. Ra2 Rea8 34. Rxa6 Rxa6 35. Rd1 b4 36. Bxb4 Nxb4 37. cxb4 Rb6 38. e4 1/2-1/2

[Event "RB-2011-0-00139"]
[Site "LSS email"]
[Date "2011.10.08"]
[Round "?"]
[White "Tausnev, Bladimir"]
[Black "Korzh, Leonty"]
[Result "1/2-1/2"]
[WhiteElo "2050"]
[BlackElo "2066"]
[PlyCount "117"]
[EventDate "2011.09.26"]
[EventType "tourn (corr)"]
[EventRounds "6"]
[EventCountry "GER"]
[SourceTitle "Corr 2022"]
[Source "ChessBase"]
[SourceDate "2021.10.24"]
[SourceVersion "1"]
[SourceVersionDate "2021.10.24"]
[SourceQuality "1"]

1. e4 e5 2. Nf3 Nc6 3. Bc4 Bc5 4. c3 Nf6 5. d3 d6 6. 0-0 0-0 7. Bb3 Bb6 8. Nbd2 Ne7 9. Nc4 Ng6 10. Re1 Re8 11. a4 c6 12. Nxb6 axb6 13. h3 Be6 14. Bxe6 Rxe6 15. c4 h6 16. b4 Qc7 17. Bd2 Ree8 18. Qb3 Nh5 19. g3 Qd7 20. Kg2 Qe6 21. a5 bxa5 22. bxa5 Re7 23. d4 Nf6 24. Rad1 Rd7 25. Bb4 Nh5 26. Kh2 Nf6 27. Bc3 Re7 28. dxe5 dxe5 29. Qb4 c5 30. Qb5 Qc8 31. Rd3 Qc7 32. Kg2 Nd7 33. Rd5 Rc8 34. Nd2 Nf6 35. Rd3 Nf8 36. Qb2 Ne8 37. Nf1 Qc6 38. Rd5 Nd6 39. Ne3 f6 40. Qe2 Rd7 41. Qd3 Rcd8 42. Rd1 Qc7 43. Rd2 Ne6 44. Nf5 Nd4 45. Nxd6 Rxd6 46. Rb2 Rb8 47. Rxd6 Qxd6 48. Rb6 Qc7 49. Qb1 Nc6 50. f3 h5 51. Be1 Kf7 52. Bf2 Nxa5 53. Qb5 Nc6 54. Bxc5 Qd7 55. Bf2 Kg6 56. c5 Kh7 57. h4 Kg6 58. Qb3 Kh7 59. Be3 1/2-1/2

[Event "RB-2011-0-00139"]
[Site "LSS email"]
[Date "2011.10.08"]
[Round "?"]
[White "Tausnev, Bladimir"]
[Black "Kroes, Friso"]
[Result "1/2-1/2"]
[WhiteElo "2050"]
[BlackElo "2047"]
[PlyCount "99"]
[EventDate "2011.09.26"]
[EventType "tourn (corr)"]
[EventRounds "6"]
[EventCountry "GER"]
[SourceTitle "Corr 2022"]
[Source "ChessBase"]
[SourceDate "2021.10.24"]
[SourceVersion "1"]
[SourceVersionDate "2021.10.24"]
[SourceQuality "1"]

1. d4 d5 2. c4 c6 3. Nf3 Nf6 4. Nc3 e6 5. Bg5 dxc4 6. e4 b5 7. e5 h6 8. Bh4 g5 9. Nxg5 hxg5 10. Bxg5 Nbd7 11. exf6 Qb6 12. Qd2 Bb7 13. 0-0-0 0-0-0 14. f3 Nb8 15. Be3 c5 16. Qf2 Na6 17. a4 b4 18. Nb5 Bd5 19. Kb1 Qa5 20. Qc2 c3 21. b3 cxd4 22. Nxa7+ Kb7 23. Bxd4 Nc5 24. Bxc5 Qxc5 25. Nb5 Bh6 26. Bd3 Bg5 27. Be4 Bxf6 28. h3 Bxe4 29. fxe4 Bg5 30. Rhe1 Qe5 31. Rf1 Kb8 32. Ka2 Qc5 33. Ka1 Rhg8 34. g3 Rxd1+ 35. Rxd1 Rd8 36. Rxd8+ Bxd8 37. Qd1 Bf6 38. Kb1 Ka8 39. Qe2 Qg1+ 40. Kc2 Qxg3 41. h4 Bxh4 42. Nd4 Qd6 43. Qc4 Qh2+ 44. Ne2 Bd8 45. Qc6+ Kb8 46. Kd3 Qe5 47. Nd4 f5 48. exf5 exf5 49. Qf3 Qe4+ 50. Qxe4 1/2-1/2

[Event "RB-2011-0-00139"]
[Site "LSS email"]
[Date "2011.10.07"]
[Round "?"]
[White "Sorcinelli, Andrea"]
[Black "Tausnev, Bladimir"]
[Result "1-0"]
[WhiteElo "2152"]
[BlackElo "2050"]
[PlyCount "133"]
[EventDate "2011.09.26"]
[EventType "tourn (corr)"]
[EventRounds "6"]
[EventCountry "GER"]
[SourceTitle "Corr 2022"]
[Source "ChessBase"]
[SourceDate "2021.10.24"]
[SourceVersion "1"]
[SourceVersionDate "2021.10.24"]
[SourceQuality "1"]

1. e4 e6 2. d4 d5 3. e5 c5 4. c3 Nc6 5. Nf3 Bd7 6. Be2 Nge7 7. Na3 cxd4 8. cxd4 Nf5 9. Nc2 Qb6 10. 0-0 a5 11. Kh1 Nb4 12. Ne3 Nxe3 13. fxe3 Bb5 14. a3 Nc6 15. Bd2 Bxe2 16. Qxe2 Be7 17. g3 0-0 18. Bc3 a4 19. Kg1 Rac8 20. Ne1 Rc7 21. Rf2 Na5 22. Bxa5 Qxa5 23. Nd3 Rfc8 24. Kg2 Bf8 25. Raf1 Qb6 26. h4 Qa6 27. Nf4 b5 28. Nh3 Be7 29. Qh5 g6 30. Qg4 Rf8 31. h5 Qc8 32. Qe2 b4 33. axb4 Bxb4 34. Qb5 Be7 35. Qxa4 Rc1 36. Qb5 Rc4 37. Nf4 Rc2 38. Qb3 Rxf2+ 39. Rxf2 Kg7 40. Qd3 Qb7 41. Qd1 Qb5 42. Nd3 Kg8 43. Nf4 Kg7 44. Nd3 Kg8 45. b4 Bg5 46. hxg6 hxg6 47. Kf3 Bh6 48. Rh2 Kg7 49. Ra2 Rb8 50. Qc2 Bg5 51. Ra7 Rb7 52. Ra5 Qe8 53. Ra1 Qh8 54. Qg2 Qd8 55. Nc5 Rb6 56. b5 Bh6 57. Qe2 Qe7 58. Ra8 Qg5 59. Kg2 Qxe3 60. Qf1 Bg5 61. Ra7 Kh6 62. Rxf7 Qc1 63. Qf3 Qd2+ 64. Kh3 Qe3 65. Qh1 Qc1 66. Rf1 Qd2 67. Qf3 1-0

[Event "CP-2011-P-00029"]
[Site "LSS email"]
[Date "2011.09.30"]
[Round "?"]
[White "Kopasov, Evgeny Aleksandrovi"]
[Black "Tausnev, Bladimir"]
[Result "1-0"]
[WhiteElo "2309"]
[BlackElo "2050"]
[PlyCount "135"]
[EventDate "2011.10.01"]
[EventType "tourn (corr)"]
[EventRounds "6"]
[EventCountry "GER"]
[SourceTitle "Corr 2022"]
[Source "ChessBase"]
[SourceDate "2021.10.24"]
[SourceVersion "1"]
[SourceVersionDate "2021.10.24"]
[SourceQuality "1"]

1. d4 Nf6 2. c4 g6 3. Nc3 Bg7 4. e4 d6 5. Be2 0-0 6. Nf3 e5 7. 0-0 Nc6 8. d5 Ne7 9. b4 Nh5 10. g3 f5 11. Ng5 Nf6 12. f3 f4 13. b5 h6 14. Ne6 Bxe6 15. dxe6 fxg3 16. hxg3 Qc8 17. Nd5 Qxe6 18. Nxc7 Qh3 19. Rf2 Rad8 20. Rh2 Qc8 21. b6 axb6 22. Nb5 Qc5+ 23. Kg2 h5 24. Qd3 Qc6 25. Bg5 Nc8 26. Rd1 Rd7 27. Qb3 Rdf7 28. c5 bxc5 29. Bc4 Nh7 30. Be3 Nf6 31. Rh4 Nd7 32. Bd5 Qa6 33. a4 Nf6 34. Be6 Qc6 35. Qc4 Nb6 36. Bxf7+ Rxf7 37. Qe6 Qd7 38. Rxd6 Qxe6 39. Rxe6 Nxa4 40. Rxe5 Rd7 41. Re6 c4 42. e5 Nd5 43. Bg5 Kf7 44. Rd6 Rxd6 45. Nxd6+ Ke6 46. Rxc4 Nab6 47. Rc1 Bxe5 48. Nxb7 Kf5 49. Bd2 Ne7 50. Re1 Nc4 51. Bc1 Nd5 52. Nd8 Bf6 53. Nf7 Bc3 54. Re4 Kf6 55. Ng5 Ne5 56. f4 Nf7 57. Nf3 Kf5 58. Ra4 Bf6 59. Kh3 Ke6 60. Nh4 Bxh4 61. Kxh4 Ne7 62. Ra6+ Kd5 63. Ba3 Nf5+ 64. Kh3 g5 65. Rf6 g4+ 66. Kg2 N7d6 67. Bxd6 Nxd6 68. Rh6 1-0

[Event "CP-2011-P-00029"]
[Site "LSS email"]
[Date "2011.09.30"]
[Round "?"]
[White "Saprykin, Alexandr"]
[Black "Tausnev, Bladimir"]
[Result "0-1"]
[WhiteElo "1200"]
[BlackElo "2050"]
[PlyCount "44"]
[EventDate "2011.10.01"]
[EventType "tourn (corr)"]
[EventRounds "6"]
[EventCountry "GER"]
[SourceTitle "Corr 2022"]
[Source "ChessBase"]
[SourceDate "2021.10.24"]
[SourceVersion "1"]
[SourceVersionDate "2021.10.24"]
[SourceQuality "1"]

1. e4 c5 2. Nf3 Nc6 3. d4 cxd4 4. Nxd4 Nf6 5. Nc3 e5 6. Ndb5 d6 7. Bg5 a6 8. Bxf6 gxf6 9. Na3 b5 10. Nd5 f5 11. Bd3 Be6 12. 0-0 Bg7 13. Qh5 f4 14. c4 bxc4 15. Nxc4 0-0 16. Rac1 Nd4 17. Rfd1 Bxd5 18. exd5 f5 19. Bf1 Rf6 20. Qh4 Nf3+ 21. gxf3 Rg6+ 22. Qg3 fxg3 0-1